[Event "17e tournoi de Noël"]
[Site "Montigny le Bretonneux"]
[Date "2016.12.28"]
[Round "3.11"]
[White "Barthere, Gilles"]
[Black "Verat-Fayolle, Celian"]
[Result "0-1"]
[WhiteElo "1509"]
[BlackElo "1704"]
[Annotator "Rivier,Sylvain"]
[PlyCount "64"]
[EventDate "2016.??.??"]

{Partie espagnole} 1. e4 e5 2. Nf3 Nc6 3. Bb5 Nge7 4. d4 exd4 5. Nxd4 g6 6. O-O
Bg7 7. c3 O-O 8. Bg5 Nxd4 9. cxd4 c6 10. Ba4 Re8 11. Nc3 Qb6 12. Bb3 Qxd4 13.
Qf3 d5 14. Rad1 Qe5 15. Bf4 dxe4 16. Nxe4 Bg4 17. Qxg4 Qxe4 18. Rfe1 Qf5 19.
Qxf5 Nxf5 20. Rxe8+ Rxe8 21. g4 Nd4 22. Bc4 Re4 23. Be3 Rxg4+ 24. Kf1 Bf6 25.
b3 c5 26. h3 Re4 27. Kg2 Re7 28. Bh6 b5 29. Bxb5 Re5 30. Be3 Nxb5 31. Bh6 g5
32. Rd8+ Bxd8 0-1

[Event "17e tournoi de Noël"]
[Site "Montigny le Bretonneux"]
[Date "2016.12.28"]
[Round "3.12"]
[White "Houhou, Alexandre"]
[Black "Benbakir, Ameur"]
[Result "1-0"]
[WhiteElo "1679"]
[BlackElo "1495"]
[Annotator "Rivier,Sylvain"]
[PlyCount "49"]
[EventDate "2016.??.??"]

{Défense sicilienne, fianchetto accéléré} 1. e4 c5 2. Nf3 Nc6 3. d4 cxd4 4.
Nxd4 a6 5. Nc3 g6 6. Be3 Bg7 7. Nd5 Nf6 8. Nxc6 Nxd5 9. Nxd8 Nxe3 10. fxe3 Kxd8
11. c3 d6 12. Bc4 Ke8 13. O-O Rf8 14. Qb3 e6 15. Qb6 Be5 16. Rad1 Ke7 17. Qc7+
Bd7 18. Qa5 Rac8 19. Bd3 Rc5 20. Qa3 Rfc8 21. Rf2 a5 22. Bc2 Bg7 23. Rfd2 Be5
24. c4 Rxc4 25. Rxd6 1-0

[Event "17e tournoi de Noël"]
[Site "Montigny le Bretonneux"]
[Date "2016.12.28"]
[Round "3.13"]
[White "Alif, Yassine"]
[Black "Couradin, Jean-Marie"]
[Result "0-1"]
[WhiteElo "1445"]
[BlackElo "1648"]
[Annotator "Rivier,Sylvain"]
[PlyCount "89"]
[EventDate "2016.??.??"]

{Défense sicilienne, variante Scheveningue} 1. e4 c5 2. Nf3 d6 3. d4 cxd4 4.
Nxd4 Nf6 5. Nc3 a6 6. Be3 e6 7. f3 b5 8. a3 Be7 9. Be2 Bb7 10. Qd2 Nc6 11. O-O
Qc7 12. Rad1 Rc8 13. Bg5 Nxd4 14. Qxd4 Qc5 15. Kh1 Qxg5 16. Qb6 Bc6 17. Qxa6
O-O 18. Nxb5 Bxb5 19. Qxb5 Qxb5 20. Bxb5 Rxc2 21. b3 Rb8 22. a4 d5 23. exd5
Nxd5 24. Rc1 Rbc8 25. Bc4 Ne3 26. Rxc2 Nxc2 27. Rc1 Ne3 28. Kg1 Nxc4 29. Rxc4
Rxc4 30. bxc4 Bc5+ 31. Kf1 f5 32. Ke2 Kf7 33. Kd3 Kf6 34. a5 Ke5 35. g3 g5 36.
h3 h5 37. a6 g4 38. fxg4 hxg4 39. h4 f4 40. h5 fxg3 41. h6 Kf6 42. h7 Kg7 43.
Ke2 g2 44. a7 Bxa7 45. c5 0-1

[Event "17e tournoi de Noël"]
[Site "Montigny le Bretonneux"]
[Date "2016.12.28"]
[Round "3.14"]
[White "Maquin, Andre"]
[Black "Coquelin, Jonathan"]
[Result "0-1"]
[WhiteElo "1629"]
[BlackElo "1439"]
[Annotator "Rivier,Sylvain"]
[PlyCount "78"]
[EventDate "2016.??.??"]

{Défense sicilienne, variante Sozin} 1. e4 c5 2. Bc4 Nc6 3. Nf3 Nf6 4. Nc3 d6
5. d4 cxd4 6. Nxd4 Qb6 7. Nxc6 bxc6 8. O-O Bg4 9. Qd3 e6 10. Bb3 Be7 11. Be3
Qc7 12. f4 d5 13. e5 Bf5 14. Qe2 Ne4 15. Nxe4 Bxe4 16. c3 Rb8 17. g4 g6 18. Qf2
Qa5 19. Rae1 h5 20. g5 Bd3 21. Bc1 O-O 22. Qf3 Bxf1 23. Rxf1 Rfc8 24. Bc2 Qxa2
25. f5 Qc4 26. h3 exf5 27. Bxf5 gxf5 28. Qxf5 Bc5+ 29. Kh2 Qe2+ 30. Kg3 h4+ 31.
Kxh4 Qe4+ 32. Kh5 Qxf5 33. Rxf5 Kg7 34. Kg4 d4 35. h4 d3 36. h5 Rd8 37. h6+ Kg8
38. h7+ Kg7 39. e6 fxe6 0-1

[Event "17e tournoi de Noël"]
[Site "Montigny le Bretonneux"]
[Date "2016.12.28"]
[Round "3.15"]
[White "Nguyen, Hai Long"]
[Black "Sondermeijer, Damien"]
[Result "1-0"]
[WhiteElo "1567"]
[BlackElo "1009"]
[Annotator "Rivier,Sylvain"]
[PlyCount "63"]
[EventDate "2016.??.??"]

{Gambit dame, défense semi-slave} 1. d4 d5 2. c4 c6 3. Nf3 Nf6 4. Nc3 Nbd7 5.
e3 e6 6. Bd3 Be7 7. O-O O-O 8. b3 b6 9. Bb2 c5 10. cxd5 Nxd5 11. Nxd5 exd5 12.
dxc5 Nxc5 13. Bc2 Re8 14. Nd4 Qd7 15. Qh5 h6 16. Nf5 Qc6 17. Nxg7 Rd8 18. Qe5
Qd6 19. Qh5 Ne4 20. Nf5 Bxf5 21. Qxf5 Qe6 22. Bxe4 Qxe4 23. Qxe4 dxe4 24. Rfd1
f5 25. h3 Rd6 26. Rxd6 Bxd6 27. Rd1 Bc7 28. Rd7 Rc8 29. Rg7+ Kf8 30. Rh7 a5 31.
Rh8+ Ke7 32. Rxc8 1-0

[Event "17e tournoi de Noël"]
[Site "Montigny le Bretonneux"]
[Date "2016.12.28"]
[Round "3.16"]
[White "Ider, Ariuna"]
[Black "Mongey, Alain"]
[Result "0-1"]
[WhiteElo "1119"]
[BlackElo "1589"]
[Annotator "Rivier,Sylvain"]
[PlyCount "120"]
[EventDate "2016.??.??"]

{Partie du pion dame} 1. d4 d5 2. e3 Nf6 3. Bd3 e6 4. Nd2 c5 5. c3 Nc6 6. f4
cxd4 7. exd4 Bd6 8. Nb3 Qc7 9. Nf3 Bxf4 10. Bxf4 Qxf4 11. O-O Qe3+ 12. Kh1 Ne4
13. Bxe4 dxe4 14. Re1 Qf4 15. Nfd2 f5 16. Qh5+ g6 17. Qh3 Bd7 18. Rf1 Qg5 19.
Nc4 Qe7 20. Qg3 O-O 21. h4 Qg7 22. Nd6 b6 23. Rf4 e5 24. dxe5 Nxe5 25. Rff1 Nd3
26. Rab1 Qe7 27. h5 f4 28. Qh2 Qxd6 29. hxg6 Qxg6 30. Qh4 Rf6 31. g3 f3 32. Nd2
Qh6 33. Nxe4 Qxh4+ 34. gxh4 Rf4 35. Nf2 Rxh4+ 36. Kg1 Nxf2 37. Kxf2 Bc6 38.
Rg1+ Kf7 39. Rh1 Rxh1 40. Rxh1 Kg6 41. Rh4 Re8 42. Rd4 Kf5 43. Rd6 Re6 44. Rd4
h5 45. Rh4 Kg5 46. Rh1 Re2+ 47. Kf1 Rxb2 48. Rg1+ Rg2 49. Rxg2+ fxg2+ 50. Kg1
h4 51. a3 h3 52. Kh2 Kf4 53. Kg1 Ke3 54. Kh2 Kf2 55. Kxh3 g1=Q 56. Kh4 Kf3 57.
Kh5 Kf4 58. Kh6 Kf5 59. Kh7 Kf6 60. Kh8 Qg7# 0-1

[Event "17e tournoi de Noël"]
[Site "Montigny le Bretonneux"]
[Date "2016.12.28"]
[Round "3.17"]
[White "Chaintreau, Thomas"]
[Black "Handichi, Abdelkader"]
[Result "1-0"]
[WhiteElo "1099"]
[BlackElo "1409"]
[Annotator "Rivier,Sylvain"]
[PlyCount "61"]
[EventDate "2016.??.??"]

{Partie du pion dame} 1. d4 d5 2. Nc3 Nf6 3. Bf4 Nc6 4. Nf3 Bg4 5. e3 e6 6. Be2
Bb4 7. O-O O-O 8. h3 Bxf3 9. Bxf3 Re8 10. Nb5 Ne7 11. Nxc7 Ng6 12. Nxa8 Qxa8
13. c3 Be7 14. Bg5 Qb8 15. Bh5 e5 16. Re1 Qd6 17. Qa4 Rf8 18. Bxf6 Qxf6 19.
Bxg6 fxg6 20. Qxa7 Qxf2+ 21. Kh1 Bh4 22. Rf1 Qxf1+ 23. Rxf1 Rxf1+ 24. Kh2 h5
25. Qb8+ Kh7 26. dxe5 Kh6 27. e4 Bg5 28. g3 h4 29. Qe8 Rf2+ 30. Kh1 hxg3 31.
Qh8# 1-0

[Event "17e tournoi de Noël"]
[Site "Montigny le Bretonneux"]
[Date "2016.12.28"]
[Round "3.19"]
[White "Thomas, Robert"]
[Black "Fruchard, Alois"]
[Result "1-0"]
[WhiteElo "1348"]
[BlackElo "1174"]
[Annotator "Rivier,Sylvain"]
[PlyCount "55"]
[EventDate "2016.??.??"]

{Défense française, variante d'avance} 1. e4 e6 2. d4 d5 3. e5 c5 4. c3 Nc6 5.
Nf3 Qb6 6. a3 a5 7. Bd3 cxd4 8. cxd4 Nxd4 9. Nxd4 Qxd4 10. Bb5+ Bd7 11. Bxd7+
Kxd7 12. Qxd4 Rc8 13. O-O Bc5 14. Qa4+ Rc6 15. Nc3 Ne7 16. Qxa5 Nf5 17. Qb5 Rb8
18. Na4 b6 19. Nxc5+ Ke7 20. Qxc6 bxc5 21. Qc7+ Ke8 22. Qxb8+ Kd7 23. Qb7+ Ke8
24. Bg5 h6 25. Be3 d4 26. Bd2 f6 27. Qc8+ Kf7 28. Qxc5 1-0

[Event "17e tournoi de Noël"]
[Site "Montigny le Bretonneux"]
[Date "2016.12.28"]
[Round "3.20"]
[White "Tanchoux, Pierre"]
[Black "Chaintreau, Maxime"]
[Result "0-1"]
[WhiteElo "1311"]
[BlackElo "1110"]
[Annotator "Rivier,Sylvain"]
[PlyCount "102"]
[EventDate "2016.??.??"]

{Début Ponziani} 1. e4 e5 2. Nf3 Nf6 3. d3 Nc6 4. Bg5 Be7 5. Nbd2 O-O 6. Be2 h6
7. Bh4 d5 8. Bg3 Qd6 9. c3 dxe4 10. Nxe4 Qd5 11. O-O b5 12. Nxf6+ Bxf6 13. Re1
Bf5 14. Nd2 Rad8 15. Nb3 Rd7 16. Bf3 Qd6 17. Be4 Bxe4 18. dxe4 Qe6 19. Qe2 Qe7
20. Qxb5 Rd6 21. Rad1 Rxd1 22. Rxd1 Rd8 23. Rxd8+ Qxd8 24. Qd5 Qxd5 25. exd5
Ne7 26. c4 c6 27. dxc6 Nxc6 28. Nc5 Kf8 29. b3 Ke7 30. f4 Kd6 31. Ne4+ Ke6 32.
fxe5 Nxe5 33. Bxe5 Bxe5 34. g3 Bd4+ 35. Kg2 Ke5 36. Kf3 Bg1 37. h3 Bh2 38. Ke3
Bg1+ 39. Kd3 Bd4 40. a4 f5 41. Nd2 Bc5 42. Nf3+ Kd6 43. Kc3 a5 44. Nd4 Ke5 45.
Nf3+ Ke4 46. Ne1 Bb4+ 47. Kc2 Bxe1 48. Kd1 Bxg3 49. Kc2 g5 50. Kc3 Be5+ 51. Kc2
Bf4 0-1

[Event "17e tournoi de Noël"]
[Site "Montigny le Bretonneux"]
[Date "2016.12.28"]
[Round "3.21"]
[White "Ider, Bayar"]
[Black "Jen, Jin-Xian-Koki"]
[Result "1-0"]
[WhiteElo "1222"]
[BlackElo "1302"]
[Annotator "Rivier,Sylvain"]
[PlyCount "97"]
[EventDate "2016.??.??"]

{Partie du pion dame, variante Tartacover} 1. d4 d5 2. Nf3 Nf6 3. Bg5 Nbd7 4.
e3 e6 5. Bd3 Be7 6. O-O Ne4 7. Bxe7 Qxe7 8. Nbd2 Nxd2 9. Nxd2 Nf6 10. e4 e5 11.
exd5 Nxd5 12. dxe5 Nf4 13. Qf3 Ng6 14. Bb5+ c6 15. Bxc6+ Bd7 16. Bxd7+ Qxd7 17.
Nc4 O-O 18. Rfd1 Qe6 19. Qd5 Qf5 20. Qd3 Qe6 21. Qe4 Rad8 22. b3 f5 23. Qxb7
Nxe5 24. Nxe5 Qxe5 25. Qxa7 Rxd1+ 26. Rxd1 Qe2 27. Rc1 Rd8 28. h3 f4 29. Qc5
Qd2 30. Rf1 f3 31. gxf3 Rd5 32. Qc8+ Kf7 33. h4 Kg6 34. Qe8+ Kh6 35. Qe3+ Qxe3
36. fxe3 Rd2 37. Rf2 Rd1+ 38. Kg2 Kh5 39. c4 Kxh4 40. c5 Rc1 41. b4 Rb1 42. a3
Ra1 43. Rc2 Rxa3 44. e4 g5 45. c6 g4 46. Rf2 Rxf3 47. Rxf3 g3 48. Rf4+ Kh5 49.
c7 1-0

[Event "17e tournoi de Noël"]
[Site "Montigny le Bretonneux"]
[Date "2016.12.28"]
[Round "4.1"]
[White "Van Dongen, Patrick"]
[Black "Ibazizen, Abdelatif"]
[Result "1-0"]
[WhiteElo "2311"]
[BlackElo "2021"]
[Annotator "Rivier,Sylvain"]
[PlyCount "141"]
[EventDate "2016.??.??"]

{Défense est-indienne} 1. d4 Nf6 2. Nf3 g6 3. Bf4 d6 4. e3 Bg7 5. h3 O-O 6. Be2
Nbd7 7. O-O c6 8. c4 Qa5 9. Nc3 e5 10. Bh2 Re8 11. a3 exd4 12. exd4 d5 13. Re1
Qd8 14. cxd5 Nxd5 15. Nxd5 cxd5 16. Rc1 Bh6 17. Rc7 Nf8 18. Rc3 Ne6 19. Bf1 b6
20. Be5 Bd7 21. Ba6 Bc8 22. Bd3 a6 23. Rc6 Bf8 24. Qd2 Bb7 25. Rcc1 Bd6 26. Bf1
Rc8 27. Rxc8 Bxc8 28. Bxd6 Qxd6 29. Qh6 Qf8 30. Qh4 Bb7 31. Ne5 Qe7 32. Qxe7
Rxe7 33. Nf3 Rc7 34. Bd3 Kg7 35. g3 h5 36. h4 Kf6 37. Kf1 Bc8 38. Ke2 Ke7 39.
Kd2 Kd6 40. Rc1 Rxc1 41. Kxc1 b5 42. Kd2 Bd7 43. b4 Be8 44. Kc3 Nc7 45. Nd2 Na8
46. Nb3 Kc6 47. Nc5 Nc7 48. Kd2 Kd6 49. Ke3 Ke7 50. Bf1 Bd7 51. Bg2 Be6 52. Kf4
Kf6 53. Ke3 Bc8 54. Kd3 g5 55. Ke3 Bf5 56. Bf1 Bc8 57. Be2 g4 58. f3 gxf3 59.
Kxf3 Kg6 60. Kf4 f6 61. Ke3 Bf5 62. Bd1 Bb1 63. Bf3 Bf5 64. Bg2 Bb1 65. Kf4 Bf5
66. Bf1 Ne6+ 67. Nxe6 Bxe6 68. Bd3+ Kg7 69. Bf5 Kf7 70. Bxe6+ Kxe6 71. g4 1-0

[Event "17e tournoi de Noël"]
[Site "Montigny le Bretonneux"]
[Date "2016.12.28"]
[Round "4.2"]
[White "Carvallo, Henri"]
[Black "Etrog, Jonathan"]
[Result "1/2-1/2"]
[WhiteElo "2127"]
[BlackElo "2247"]
[Annotator "Rivier,Sylvain"]
[PlyCount "31"]
[EventDate "2016.??.??"]

{Ouverture du pion dame} 1. d4 Nf6 2. Bf4 c5 3. e3 g6 4. c3 Bg7 5. Nd2 d6 6.
Be2 Nc6 7. Ngf3 O-O 8. O-O Nh5 9. Bg5 h6 10. Bh4 g5 11. Ne1 Nf6 12. Bg3 e5 13.
dxe5 dxe5 14. e4 Qe7 15. Qc2 Be6 16. Nef3 1/2-1/2

[Event "17e tournoi de Noël"]
[Site "Montigny le Bretonneux"]
[Date "2016.12.28"]
[Round "4.3"]
[White "Fruchard, Cyrille"]
[Black "Tseveendorj, Ider"]
[Result "1-0"]
[WhiteElo "2084"]
[BlackElo "2118"]
[Annotator "Rivier,Sylvain"]
[PlyCount "49"]
[EventDate "2016.??.??"]

{Gambit de Budapest, variante Fajarowicz} 1. d4 Nf6 2. c4 e5 3. dxe5 Ne4 4. a3
Nc6 5. Nf3 d6 6. exd6 Bxd6 7. e3 Qf6 8. Qc2 Nc5 9. Nc3 Bg4 10. Ne4 Nxe4 11.
Qxe4+ Be6 12. Be2 O-O-O 13. O-O Bf5 14. Qh4 Qe6 15. b4 g5 16. Nxg5 Qf6 17. Ra2
Ne5 18. f4 Ng6 19. Qf2 Qg7 20. e4 Bd7 21. e5 Be7 22. Qxa7 c6 23. Be3 Nxf4 24.
Qa8+ Kc7 25. Bb6+ 1-0

[Event "17e tournoi de Noël"]
[Site "Montigny le Bretonneux"]
[Date "2016.12.28"]
[Round "4.4"]
[White "Ribiere, Damien"]
[Black "Danzanvilliers, Patrice"]
[Result "1-0"]
[WhiteElo "1957"]
[BlackElo "1725"]
[Annotator "Rivier,Sylvain"]
[PlyCount "51"]
[EventDate "2016.??.??"]

{Défense Alekhine, variante de chasse} 1. e4 Nf6 2. Nc3 d5 3. e5 d4 4. exf6
dxc3 5. fxg7 cxd2+ 6. Bxd2 Bxg7 7. c3 Nc6 8. Qc2 Qd5 9. Bd3 f5 10. Ne2 Ne5 11.
Nf4 Nxd3+ 12. Qxd3 Qxd3 13. Nxd3 Bd7 14. Bg5 O-O-O 15. O-O-O Rde8 16. f4 e5 17.
Nxe5 Bxe5 18. fxe5 Rxe5 19. Bf6 Rhe8 20. Bxe5 Rxe5 21. Rhe1 Rxe1 22. Rxe1 Kd8
23. Kd2 Bc6 24. g3 Kd7 25. Re5 Be4 26. Rxe4 1-0

[Event "17e tournoi de Noël"]
[Site "Montigny le Bretonneux"]
[Date "2016.12.28"]
[Round "4.5"]
[White "Verat-Fayolle, Celian"]
[Black "Appavou, Calixte"]
[Result "1/2-1/2"]
[WhiteElo "1704"]
[BlackElo "1917"]
[Annotator "Rivier,Sylvain"]
[PlyCount "68"]
[EventDate "2016.??.??"]

{Gambit dame accepté} 1. e4 c6 2. d4 d5 3. exd5 cxd5 4. c4 e6 5. Nf3 dxc4 6.
Bxc4 Nf6 7. O-O Be7 8. Nc3 O-O 9. Re1 Nc6 10. a3 Nd5 11. Ne4 h6 12. Ne5 Nf6 13.
Nxc6 bxc6 14. Nc5 Nd7 15. Be3 Nb6 16. Ba2 Nd5 17. Bxd5 cxd5 18. Rc1 Bd6 19. Qh5
Qf6 20. Nd3 Bd7 21. Ne5 Rfd8 22. Rc3 Qf5 23. Qxf5 exf5 24. Nxd7 Rxd7 25. b4 a5
26. Rb1 axb4 27. axb4 Rb7 28. b5 Rab8 29. Rcb3 Rb6 30. Kf1 Ra8 31. Bd2 Ra2 32.
R1b2 Ra1+ 33. Rb1 Ra2 34. R1b2 Ra1+ 1/2-1/2

[Event "17e tournoi de Noël"]
[Site "Montigny le Bretonneux"]
[Date "2016.12.28"]
[Round "4.6"]
[White "Saugrain, Marc-Antoine"]
[Black "Houhou, Alexandre"]
[Result "1-0"]
[WhiteElo "1821"]
[BlackElo "1679"]
[Annotator "Rivier,Sylvain"]
[PlyCount "64"]
[EventDate "2016.??.??"]

{Défense française, variante d'avance} 1. e4 e6 2. d4 d5 3. e5 c5 4. c3 Nc6 5.
Nf3 Qb6 6. Be2 cxd4 7. cxd4 Nh6 8. Bd3 Bd7 9. Bc2 Nb4 10. Bxh6 Nxc2+ 11. Qxc2
Rc8 12. Nc3 gxh6 13. O-O a5 14. Rfe1 a4 15. a3 Rc4 16. Qd2 Qb3 17. Re3 Qb6 18.
Rd1 Rg8 19. Ne1 Be7 20. f4 Rxd4 21. Qxd4 Bc5 22. Qd3 Bxe3+ 23. Kh1 Bxf4 24.
Qxh7 Rg6 25. Nd3 Qe3 26. Qh8+ Ke7 27. Qb8 Bxe5 28. Nxe5 Rg7 29. Nxd7 Qf2 30.
Nxd5+ exd5 31. Qe5+ Kxd7 32. Qxg7 Qe2 1-0

[Event "17e tournoi de Noël"]
[Site "Montigny le Bretonneux"]
[Date "2016.12.28"]
[Round "4.7"]
[White "Couradin, Jean-Marie"]
[Black "Fayolle, Guy"]
[Result "0-1"]
[WhiteElo "1648"]
[BlackElo "1818"]
[Annotator "Rivier,Sylvain"]
[PlyCount "98"]
[EventDate "2016.??.??"]

{Ouverture du pion dame, défense est-indienne} 1. d4 Nf6 2. Nf3 g6 3. Bf4 Bg7
4. e3 d6 5. Be2 O-O 6. O-O Nd5 7. Bg3 f5 8. c4 Nf6 9. Qb3 Kh8 10. Nc3 c6 11. h3
Nbd7 12. Ng5 Nb8 13. d5 Na6 14. Rad1 h6 15. Nf3 cxd5 16. cxd5 Nc5 17. Qc2 Nfe4
18. Nxe4 Nxe4 19. Bh2 Qa5 20. a3 Bd7 21. Nd2 Ba4 22. b3 Rfc8 23. Nc4 Qc3 24.
Qxc3 Nxc3 25. Rd2 Nxe2+ 26. Rxe2 Bxb3 27. Nd2 Bxd5 28. Rb1 b6 29. e4 fxe4 30.
Nxe4 Rc4 31. Rbe1 Rac8 32. Bxd6 Bxe4 33. Bxe7 Bd3 34. Re3 Rc1 35. Rxc1 Rxc1+
36. Kh2 Bc4 37. Bd8 Bb5 38. Bh4 Rc5 39. Re6 Rc6 40. Re8+ Kh7 41. Re7 a5 42. Bg3
Kg8 43. Bf4 g5 44. Be3 Bc4 45. Rb7 b5 46. f4 Re6 47. Bb6 a4 48. Rb8+ Kf7 49.
fxg5 Be5+ 0-1

[Event "17e tournoi de Noël"]
[Site "Montigny le Bretonneux"]
[Date "2016.12.28"]
[Round "4.8"]
[White "Larramendy, Pierre"]
[Black "Nguyen, Hai Long"]
[Result "1-0"]
[WhiteElo "1796"]
[BlackElo "1567"]
[Annotator "Rivier,Sylvain"]
[PlyCount "73"]
[EventDate "2016.??.??"]

{Défense Grünfeld, variante Smyslov} 1. d4 Nf6 2. c4 g6 3. Nc3 d5 4. Nf3 Bg7 5.
Qb3 dxc4 6. Qxc4 O-O 7. e4 Bg4 8. Be2 e6 9. Be3 c6 10. h3 Bxf3 11. Bxf3 Nbd7
12. O-O-O Qa5 13. Kb1 Rfc8 14. Qd3 c5 15. g4 cxd4 16. Bxd4 Ne5 17. Bxe5 Qxe5
18. h4 h5 19. gxh5 Nxh5 20. Bxh5 Qxh5 21. f4 Bf6 22. Rdg1 Rd8 23. Qc2 Kf8 24.
Rf1 Rac8 25. f5 exf5 26. exf5 Kg7 27. fxg6 fxg6 28. Rfg1 Rd4 29. Rg2 Rxh4 30.
Rhg1 g5 31. Qf5 Qg6 32. Rxg5 Bxg5 33. Rxg5 Rh1+ 34. Kc2 Rh2+ 35. Kb3 Rc6 36.
Rxg6+ Rxg6 37. Qe5+ 1-0

[Event "17e tournoi de Noël"]
[Site "Montigny le Bretonneux"]
[Date "2016.12.28"]
[Round "4.10"]
[White "Benbakir, Chouaib"]
[Black "Bouloc, Roger"]
[Result "1-0"]
[WhiteElo "1729"]
[BlackElo "1413"]
[Annotator "Rivier,Sylvain"]
[PlyCount "107"]
[EventDate "2016.??.??"]

{Défense sicilienne, variante Taïmanov} 1. e4 c5 2. Nf3 Nc6 3. d4 cxd4 4. Nxd4
e6 5. Nc3 Bc5 6. Nb3 Qb6 7. Nxc5 Qxc5 8. a3 Nge7 9. Be3 Qa5 10. Qf3 a6 11. Be2
d5 12. O-O-O dxe4 13. Nxe4 O-O 14. Bd2 Qc7 15. h4 b6 16. Bf4 e5 17. Bg5 Nd4 18.
Rxd4 exd4 19. Bf4 Qc6 20. Bd3 f5 21. Ng5 Qxf3 22. Nxf3 Nc6 23. Bc4+ Kh8 24. Bd5
Bb7 25. Ng5 Nd8 26. Bxb7 Nxb7 27. Ne6 Rf7 28. Nxd4 Re8 29. Be3 b5 30. Rd1 Rd8
31. c3 Rfd7 32. Re1 g6 33. Nc6 Re8 34. Bd4+ Kg8 35. Rxe8+ Kf7 36. Rh8 Ke6 37.
Nb4 a5 38. Nd3 Kd5 39. Kc2 Nd8 40. Ne5 Nf7 41. Nxd7 Nxh8 42. Bxh8 Ke4 43. Nf6+
Kf4 44. Nxh7 Kg4 45. g3 Kf3 46. Bd4 f4 47. gxf4 Kxf4 48. Nf8 Kg4 49. Nxg6 Kh5
50. Ne7 Kxh4 51. Nc6 a4 52. Na7 Kg4 53. Nxb5 Kf3 54. c4 1-0

[Event "17e tournoi de Noël"]
[Site "Montigny le Bretonneux"]
[Date "2016.12.28"]
[Round "4.11"]
[White "Mongey, Alain"]
[Black "Artieres, Michel"]
[Result "0-1"]
[WhiteElo "1589"]
[BlackElo "1783"]
[Annotator "Rivier,Sylvain"]
[PlyCount "82"]
[EventDate "2016.??.??"]

{Ouverture du pion dame} 1. d4 Nf6 2. Bg5 e6 3. Nf3 c5 4. e3 Qb6 5. b3 Ne4 6.
Bf4 cxd4 7. Qxd4 Qxd4 8. exd4 Bb4+ 9. Nbd2 Nc6 10. Bd3 Bc3 11. Rb1 Nxd2 12.
Bxd2 Bxd2+ 13. Kxd2 O-O 14. c3 b6 15. Rbe1 Bb7 16. Ng5 h6 17. Ne4 Ne7 18. f3
Bxe4 19. fxe4 e5 20. d5 Rac8 21. Ba6 Rb8 22. Rhf1 d6 23. Rf2 f5 24. Bd3 f4 25.
Ref1 g5 26. Be2 Kg7 27. g3 Ng6 28. Bh5 a5 29. Bxg6 Kxg6 30. gxf4 exf4 31. Ke2
Kf6 32. h4 Ke5 33. hxg5 hxg5 34. Rg1 Rg8 35. Kf3 Rb7 36. Rh2 Rc7 37. c4 Kf6 38.
Rh6+ Rg6 39. Rgh1 b5 40. Rxg6+ Kxg6 41. Rc1 bxc4 0-1

[Event "17e tournoi de Noël"]
[Site "Montigny le Bretonneux"]
[Date "2016.12.28"]
[Round "4.12"]
[White "Ider, Jargalan"]
[Black "Chaintreau, Thomas"]
[Result "1-0"]
[WhiteElo "1537"]
[BlackElo "1099"]
[Annotator "Rivier,Sylvain"]
[PlyCount "79"]
[EventDate "2016.??.??"]

{Gambit dame} 1. d4 d5 2. Nf3 Bf5 3. e3 e6 4. c4 c5 5. Qb3 b6 6. Ne5 Nf6 7. Nc3
Bd6 8. cxd5 exd5 9. Bb5+ Nbd7 10. Nxd5 Nxd5 11. Qxd5 Bxe5 12. Qxe5+ Be6 13. d5
O-O 14. Bxd7 Bxd7 15. O-O Re8 16. Qg3 Bb5 17. Rd1 a6 18. b3 Qf6 19. Rb1 Rad8
20. Bb2 Qh6 21. d6 Re6 22. Be5 c4 23. bxc4 Bxc4 24. Rxb6 g6 25. Rc6 Qh5 26. Rc1
Rxe5 27. R6xc4 Rxd6 28. h3 Rdd5 29. Qf4 Rf5 30. Qb8+ Kg7 31. Qb2+ Kh6 32. Qb4
Kg7 33. Qc3+ Kh6 34. Qb4 Kg7 35. Rh4 Rd1+ 36. Rxd1 Qxd1+ 37. Kh2 Rxf2 38. Qc3+
Kg8 39. Rd4 Qf3 40. Rd8# 1-0

[Event "17e tournoi de Noël"]
[Site "Montigny le Bretonneux"]
[Date "2016.12.28"]
[Round "4.13"]
[White "De Lagontrie, Jean"]
[Black "Alif, Yassine"]
[Result "1/2-1/2"]
[WhiteElo "1746"]
[BlackElo "1445"]
[Annotator "Rivier,Sylvain"]
[PlyCount "69"]
[EventDate "2016.??.??"]

{Gambit dame} 1. d4 d5 2. c4 c6 3. Nf3 e6 4. cxd5 cxd5 5. Nc3 Nf6 6. Bg5 Be7 7.
e3 a6 8. Bd3 Nbd7 9. O-O O-O 10. Rc1 h6 11. Bf4 Nh5 12. Ne5 Nxf4 13. exf4 Bd6
14. Re1 Nf6 15. Qd2 Bd7 16. a3 Rc8 17. Ne2 Qe7 18. Ng3 Rxc1 19. Rxc1 Rc8 20. f3
Qe8 21. Ne2 Rxc1+ 22. Qxc1 Qc8 23. Kf2 Qxc1 24. Nxc1 Ba4 25. Ke3 Kf8 26. Ne2
Ke7 27. g4 Nd7 28. Nc3 Bb3 29. h4 f6 30. Ng6+ Kd8 31. Nh8 Ke7 32. Ng6+ Kd8 33.
h5 b5 34. Nh8 Ke7 35. Ng6+ 1/2-1/2

[Event "17e tournoi de Noël"]
[Site "Montigny le Bretonneux"]
[Date "2016.12.28"]
[Round "4.14"]
[White "Payot, Guillaume"]
[Black "Maquin, Andre"]
[Result "1-0"]
[WhiteElo "1199"]
[BlackElo "1629"]
[Annotator "Rivier,Sylvain"]
[PlyCount "37"]
[EventDate "2016.??.??"]

{Ouverture du pion dame} 1. d4 g6 2. c4 Bg7 3. Bf4 d6 4. e3 Nf6 5. Bd3 Nc6 6.
Nf3 Nh5 7. Bg3 Nxg3 8. hxg3 Bg4 9. Nc3 a6 10. Rh4 h5 11. Qd2 Bh6 12. O-O-O g5
13. Rh2 Bxf3 14. gxf3 Nxd4 15. exd4 Qd7 16. Kb1 b5 17. Rxh5 b4 18. Nd5 Rb8 19.
Re1 1-0

[Event "17e tournoi de Noël"]
[Site "Montigny le Bretonneux"]
[Date "2016.12.28"]
[Round "4.15"]
[White "Chaintreau, Maxime"]
[Black "Benahmed, Faycal"]
[Result "0-1"]
[WhiteElo "1110"]
[BlackElo "1525"]
[Annotator "Rivier,Sylvain"]
[PlyCount "66"]
[EventDate "2016.??.??"]

{Ouverture du pion dame, défense est-indienne} 1. d4 Nf6 2. Nc3 g6 3. Nf3 Bg7
4. Bf4 d6 5. g3 Bg4 6. Bg2 c6 7. O-O Qb6 8. e3 Qxb2 9. Qd2 Qb6 10. Rab1 Qc7 11.
Rb2 h6 12. e4 O-O 13. Bxh6 Nbd7 14. Rfb1 b5 15. Rb3 Nb6 16. e5 Nc4 17. Qf4 Bxf3
18. Bxf3 dxe5 19. dxe5 Qxe5 20. Bxg7 Kxg7 21. Qc1 Rfd8 22. Bxc6 Rac8 23. Rxb5
Qxc3 24. Bb7 Rc7 25. R1b3 Qd2 26. Qb1 Ng4 27. Qf1 Qxc2 28. Bf3 Nd2 29. Qe2 Qc1+
30. Kg2 Nxb3 31. Rxb3 Rd2 32. Qf1 Rxf2+ 33. Kh3 Qh6+ 0-1

[Event "17e tournoi de Noël"]
[Site "Montigny le Bretonneux"]
[Date "2016.12.28"]
[Round "4.16"]
[White "Longbien, Dominique"]
[Black "Thomas, Robert"]
[Result "1-0"]
[WhiteElo "1513"]
[BlackElo "1348"]
[Annotator "Rivier,Sylvain"]
[PlyCount "69"]
[EventDate "2016.??.??"]

{Ouverture anglaise, variante Botvinnik} 1. e4 c5 2. c4 d6 3. Nc3 Nf6 4. g3 e6
5. Bg2 Nc6 6. Nge2 Be7 7. d4 cxd4 8. Nxd4 Nxd4 9. Qxd4 e5 10. Qd3 O-O 11. O-O
Be6 12. b3 Rc8 13. Ba3 a6 14. Rad1 Ne8 15. Nd5 Bxd5 16. Qxd5 Rb8 17. Bh3 Nf6
18. Qd3 Qa5 19. Bxd6 Bxd6 20. Qxd6 Rfd8 21. b4 Rxd6 22. bxa5 Rd4 23. Rxd4 exd4
24. e5 Ne4 25. Rd1 Rd8 26. Bg2 Nc3 27. Rd2 Kf8 28. Bxb7 Ke7 29. Bxa6 Ke6 30.
Bb7 Kxe5 31. a6 Rb8 32. a7 Rxb7 33. a8=Q Rb1+ 34. Kg2 Ne4 35. Qd5+ 1-0

[Event "17e tournoi de Noël"]
[Site "Montigny le Bretonneux"]
[Date "2016.12.28"]
[Round "4.17"]
[White "Sondermeijer, Damien"]
[Black "Barthere, Gilles"]
[Result "0-1"]
[WhiteElo "1009"]
[BlackElo "1509"]
[Annotator "Rivier,Sylvain"]
[PlyCount "64"]
[EventDate "2016.??.??"]

{Défense sicilienne, attaque Sozin} 1. e4 c5 2. Nf3 d6 3. d4 cxd4 4. Nxd4 Nf6
5. Nc3 a6 6. Bc4 e6 7. Nde2 Nc6 8. O-O Be7 9. f4 O-O 10. Kh1 b5 11. Bd3 Qb6 12.
Rf3 Ng4 13. Qe1 Bb7 14. h3 Nf6 15. Be3 Qc7 16. a3 Rad8 17. Rd1 e5 18. f5 Rd7
19. Rd2 Rfd8 20. Qd1 d5 21. Rf1 d4 22. Bf2 dxc3 23. bxc3 Na5 24. Kh2 Nxe4 25.
Bg3 Nxg3 26. Nxg3 e4 27. Bxe4 Rxd2 28. Qf3 Rxc2 29. Qg4 Bxe4 30. Qxe4 Rxc3 31.
Qg4 Rxg3 32. Qxg3 Bd6 0-1